| 000 | 01963nab a22002777a 4500 | ||
|---|---|---|---|
| 999 |
_c5646 _d5646 |
||
| 003 | OSt | ||
| 005 | 20251226212856.0 | ||
| 008 | 190603e xxum|||| |||| 00| 0 spa d | ||
| 040 | _cPJ | ||
| 100 |
_96611 _aGonzález Girodo, Matías |
||
| 245 | 1 | 0 |
_aNuevos apuntes con relación al proceso de restricción al ejercicio de la capacidad jurídica, determinación del sistema de apoyos y salvaguardias / _cMatías González Girodo, Pedro Darío Tablar. |
| 260 |
_cCiudad Autónoma de Buenos Aires : _aThomson Reuters La Ley, _b2025. |
||
| 300 | _ap. 136-147 | ||
| 500 | _aCita: TR LALEY AR/DOC/1056/2025 Publicado en: RCCyC 2025 (junio). | ||
| 505 | _aSumario: I. Introducción.— II. Los actos procesales relevantes mencionados en el fallo.— III. El proceso de "determinación de capacidad jurídica" y sus caracteres.— IV. El escrito de promoción o de revaluación. Apartados y características.— V. El rol del propio interesado: su legitimación dentro del trámite de determinación no puede ser restringida.— VI. Consideraciones respecto de los actos jurídicos con efectos post mortem (testamento) de persona con capacidad restringida.— VII. La incidencia sucedida en el proceso en análisis. La "herramienta procesal". Cuando la forma y la cuestión de fondo se entrecruzan.— VIII. Nuestra perspectiva y reflexión. | ||
| 505 | _aFallo comentado: CCiv. y Com., Necochea ~ 01/10/2024 ~ RGE: Ne-7203- 2023. | ||
| 505 | _t¿Te interesa el texto completo? Solicitalo al correo: koha@justierradelfuego.gov.ar | ||
| 650 | 0 |
_91497 _aCODIGO CIVIL Y COMERCIAL |
|
| 650 | 0 |
_92342 _aCAPACIDAD |
|
| 650 | 0 |
_93271 _aPERSONAS CON DISCAPACIDAD |
|
| 650 | 0 |
_93926 _aRESTRICCIONES A LA CAPACIDAD |
|
| 650 | 0 |
_91115 _aTESTAMENTOS |
|
| 700 |
_96612 _aTablar, Pedro Darío _ecoautor |
||
| 773 | 0 |
_02713 _93170 _dCiudad Autónoma de Buenos Aires : Thomson Reuters La Ley, 2015- _tRevista Código Civil y Comercial. Nº 3 - Junio 2025 |
|
| 942 |
_2udc _cANA |
||